ბათუმის შოთა რუსთაველის სახელმწიფო უნივერსიტეტის ბიბლიოთეკა

ინფორმაცილი სისტემების თეორია და პროექტირება (ბიბ.ჩანაწერი № 35771)

000 -LEADER
fixed length control field 00705nam a2200193Ia 4500
001 - CONTROL NUMBER
control field 1653
003 - CONTROL NUMBER IDENTIFIER
control field GE_BSU
008 - FIXED-LENGTH DATA ELEMENTS--GENERAL INFORMATION
fixed length control field 181216s||||||||xx |||||||||||||| ||und||
040 ## - CATALOGING SOURCE
Transcribing agency GE_BSU
080 ## - UNIVERSAL DECIMAL CLASSIFICATION NUMBER
Universal Decimal Classification number 004(075.8)
100 ## - MAIN ENTRY--PERSONAL NAME
Personal name ჭანტურია, ნოდარ; ჯანაძე, ლია;
245 ## - TITLE STATEMENT
Title ინფორმაცილი სისტემების თეორია და პროექტირება
260 ## - PUBLICATION, DISTRIBUTION, ETC.
Place of publication, distribution, etc. ქუთაიოსი
260 ## - PUBLICATION, DISTRIBUTION, ETC.
Date of publication, distribution, etc. 2010
300 ## - PHYSICAL DESCRIPTION
Extent 176 გვ. 19 სმ.
653 ## - INDEX TERM--UNCONTROLLED
Uncontrolled term ინფორმაციული სისტემების თეორია და პრაქტიკა
942 ## - ADDED ENTRY ELEMENTS (KOHA)
Koha item type წიგნი
ეგზემპლარები
Withdrawn status Lost status Damaged status Not for loan Date acquired Barcode Date last seen Price effective from Koha item type Public note
        2018-12-17 3205 2018-12-17 2018-12-17 წიგნი დარბაზი